Tilastot visalle Välimeren suurimmat saaret

Klikkaa tästä pelataksesi tätä visaa!

Yleistilastot

  • Tätä visaa on pelattu 532 kertaa
  • Keskiarvotulos 8 / 20

Vastaustilastot

Pinta-alaValtioSaari% Oikein
25 460 km2ItaliaSisilia
90%
9 251 km2------Kypros
89%
8 312 km2KreikkaKreeta
83%
23 813 km2ItaliaSardinia
82%
8 681 km2RanskaKorsika
78%
3 640 km2EspanjaMallorca
69%
1 398 km2KreikkaRódos
65%
577 km2EspanjaIbiza
49%
694 km2EspanjaMenorca
43%
1 630 km2KreikkaLesbos
39%
592 km2KreikkaKorfu
33%
476 km2KreikkaSámos
23%
406 km2KreikkaZákynthos
16%
428 km2KreikkaNáxos
15%
3 655 km2KreikkaEuboia
14%
842 km2KreikkaChíos
13%
523 km2TunisiaDjerba
13%
781 km2KreikkaKefaloniá
13%
476 km2KreikkaLímnos
11%
406 km2KroatiaCres
9%

Tulosjakauma

Persentiili vastausten määrän mukaan

Jokaisen tuloksen saaneiden osuus

Tuloshistoriasi

Et ole pelannut tätä visaa